000 01077nac a22002771i 4500
003 EG-ScBUE
005 20250729093025.0
008 250729s1964 paua f b 000 0 eng d
035 _a(OCoLC)2771100
040 _aEG-ScBUE
_beng
_erda
_cEG-ScBUE
_dEG-ScBUE
082 0 4 _a543.0858
_222
_bMET
110 2 _aASTM Committee E-2 on Emission Spectroscopy.
245 1 0 _aMethods for emission spectrochemical analysis :
_bgeneral practices, nomenclature, tentative methods, suggested methods.
250 _aFourth edition.
264 1 _aPhiladelphia :
_bAmerican Society for Testing and Materials,
_c1964.
300 _axvi, 868 pages :
_billustrations ;
_c24 cm
336 _2rdacontent
_atext
_btxt
337 _aunmediated
_2rdamedia
_bn
338 _avolume
_bnc
_2rdacarrier
500 _aPrevious editions issued by the society under its earlier name: American Society for Testing Materials.
504 _aIncludes bibliographical references.
650 7 _aSpectrum analysis.
_2BUEsh
655 _vReading book
942 _cBB
_2ddc
999 _c3084
_d3084